000 00315nam a2200121Ia 4500
008 190216s9999||||xx |||||||||||||| ||und||
100 _aBhagarva R N
245 4 _aThe Theory And Working Of Union Finance In India
260 _bChaitanya Publishing House
_c1971
300 _a424p
650 _aEconomics
942 _cBK
999 _c9232
_d9232